| 000 | 00799nam a2200265Ia 4500 | ||
|---|---|---|---|
| 003 | OSt | ||
| 005 | 20220926004007.0 | ||
| 006 | a|||||r|||| 00| 0 | ||
| 007 | ta | ||
| 008 | 220923b |||||||| |||| 00| 0 eng d | ||
| 020 |
_a9788120321427 _c297.5 |
||
| 037 |
_b4989, 03/07/2013, RAJKIRAN BOOK AGENCY _cGeneral Book |
||
| 040 |
_aRTL _cRTL _beng |
||
| 041 |
_2eng _aeng |
||
| 082 | _aB44, Q2 | ||
| 100 |
_aWEST Douglas B. _9308088 |
||
| 245 | 0 | _aIntroduction to graph theory | |
| 250 | _a2 | ||
| 260 |
_a New Delhi _bPHI Learning _c2012 |
||
| 300 |
_axviii,588p. Appendix: P 471-567 _ccm. |
||
| 500 | _aBibliography: P 355-64 | ||
| 650 | _aEconomics | ||
| 942 |
_hB44, Q2 _cGB _2CC |
||
| 999 |
_c609413 _d609413 |
||